| 000 | 00841nam a2200205 a 4500 | ||
|---|---|---|---|
| 001 | 001141958 | ||
| 003 | AM-YeHGA | ||
| 005 | 20250617152208.0 | ||
| 008 | 160415s1917 ||| r 000 0 rus d | ||
| 040 | _aAM-YeHGA | ||
| 041 | 0 | _arus | |
| 245 | 0 | 0 | _aСборник в память равноапостольного князя Владимира. |
| 246 | 1 | _aСборникъ въ память святаго равноапостольнаго князя Владимiра | |
| 260 |
_aСанкт-Петербург : _bТип. Я. Башмаков и К°., _c1917. |
||
| 300 |
_aчасть : _bфакс. |
||
| 505 | 1 | _g[Ч.] 1 (1917; 39 c.: [4] л. факс.) | |
| 600 | 1 | 4 |
_aВладимир Святославич _cкнязь |
| 653 | 0 | _aКиевское государство, 10-11 вв. - Сборники | |
| 090 | _c368030 | ||
| 999 |
_c366166 _d366166 |
||